Indian History - Statistics

General Stats
  • This quiz has been taken 33 times
  • The average score is 3 of 15
Answer Stats
Hint Answer % Correct
Founders of the Vijayanagara Empire 1 Harihara
78%
Founder of the Vijaynagara Empire 2 Bukka
56%
Al-biruni's work on India Kitab-ul-Hind
30%
Prominent Sufi saint who came to India in 1192 Khwaja Moinuddin Chishti
26%
Door to the Qutab Minar Alai Darwaza
19%
Kalhana's History of Kashmir Rajatarangini
19%
Prominent Bashara Silsilas Chishti | Suharwardi
15%
Most liberal school of Islam adopted by Turks Hanafi
15%
Orders in which Sufis were organised (there were 12 of them) Silsilas
15%
Decorative practice using flowers and verses from the Quran Arabesque
7%
Persian form of poetry Masnavi
7%
The successor of a Pir Wali
7%
1565 Battle that led to the disintegration of the Vijayanagara Empire Bannihatti
4%
Hospices inhabited by influential mystics Khanqas
4%
Disciples of the Pir Murids
4%
No matching quizzes found
Score Distribution
Percent of People with Each Score
Percentile by Number Answered
Your Score History
You have not taken this quiz